| 000 | 01744nam a2200517 i 4500 | ||
|---|---|---|---|
| 001 | 23647 | ||
| 003 | KOSZ 005 | ||
| 005 | 20210518135840.0 | ||
| 008 | 981023s1987 pl |000 0 pol | ||
| 015 | _aUWD 1987/5233 | ||
| 020 | _a8304024527 | ||
| 035 | _a991007231329705066 | ||
| 035 | _a(PL-WaBN)b1187823x-48omnis_nlop | ||
| 035 | _ab1187823x | ||
| 035 | _a(OCoLC)69468099 | ||
| 035 | _azz2005872709 | ||
| 035 | _a(PL)b0000001187823 | ||
| 035 | _a(EXLNZ-48OMNIS_NETWORK)9910325578705606 | ||
| 040 |
_aWA N _cWA N _dKOSZ 005/HR |
||
| 041 | 0 |
_apol _beng _bger |
|
| 046 | _k1987 | ||
| 080 | _a349.6 | ||
| 080 | _a342.7 | ||
| 245 | 0 | 0 |
_aPrawo człowieka do środowiska naturalnego : _bpraca zbiorowa / _cpod red. Jerzego Sommera ; Polska Akademia Nauk. Instytut Państwa i Prawa. |
| 260 |
_aWrocław [etc.] : _bZakład Narodowy im. Ossolińskich, _c1987. |
||
| 300 |
_a204 s. ; _c21 cm. |
||
| 336 |
_aTekst _btxt _2rdacontent |
||
| 337 |
_aBez urządzenia pośredniczącego _bn _2rdamedia |
||
| 338 |
_aWolumin _bnc _2rdacarrier |
||
| 380 | _aKsiążki | ||
| 380 | _aPublikacje naukowe | ||
| 388 | _a1901-2000 | ||
| 388 | _a1945-1989 | ||
| 504 | _aSumm., Zsfassung. | ||
| 650 | 7 |
_aPrawa człowieka _2DBN |
|
| 650 | 7 | _aPrawo ochrony środowiska | |
| 650 | 7 |
_aŚrodowisko człowieka _2DBN |
|
| 650 | 7 | _aŚrodowisko przyrodnicze | |
| 658 | _aOchrona środowiska | ||
| 658 | _aPrawo i wymiar sprawiedliwości | ||
| 700 | 1 |
_aSommer, Jerzy _d(1938-2011) _eRedakcja |
|
| 710 | 2 |
_aWydawnictwo Ossolineum _4pbl |
|
| 856 |
_uhttp://koha.tu.koszalin.pl/cgi-bin/koha/opac-detail.pl?biblionumber=23647 _yKatalog online BPK |
||
| 942 |
_2UKD _cKS |
||
| 999 |
_c23647 _d23647 |
||